THE FUTURE OF AN ILLUSION /

I tiakina i:
Ngā taipitopito rārangi puna kōrero
Kaituhi matua: Freud, Sigmund (autor)
Hōputu: Pukapuka
Rangatū:ANCHOR BOOKS
Ngā marau:
Ngā Tūtohu: Tāpirihia he Tūtohu
Kāore He Tūtohu, Me noho koe te mea tuatahi ki te tūtohu i tēnei pūkete!

MARC

LEADER 00000nam^a2200000^a^4500
001 000243861
005 20250521000000.0
009 20260310105357.027
035 |a 067168 
037 |a Acervo Xavier Clavigero 
082 |a 150. 1952  |b FRE 
100 |a Freud, Sigmund  |e (autor) 
245 1 4 |a THE FUTURE OF AN ILLUSION /  |c SIGMUND FREUD ; TR. W.D. ROBSON-SCOTT 
264 |a NEW YORK :  |b DOUBLEDAY & COMPANY,  |c 1961 
300 |a 105 p. 
336 |a texto  |b txt  |2 rdacontenido 
337 |a sin mediación  |b n  |2 rdamedio 
338 |a volumen  |b nc  |2 rdasoporte 
440 |a ANCHOR BOOKS 
649 |a XX 
650 |a PSICOANALISIS. 
650 |a Cultura 
910 |a Fondo General 
920 |a Impresos - Libros 
930 |a Colección General 
905 |a 101 
901 |a 067168  |b IT1  |c ACC  |i 067168  |u 20250521 
902 |a https://opac.biblio.iteso.mx/vufind/Record/000243861